Israel unter den Völkern; (Record no. 52957)
[ view plain ]
| 000 -LEADER | |
|---|---|
| fixed length control field | 00650nam a2200193u 4500 |
| 001 - CONTROL NUMBER | |
| control field | 10020582 |
| 003 - CONTROL NUMBER IDENTIFIER | |
| control field | OSt |
| 005 - DATE AND TIME OF LATEST TRANSACTION | |
| control field | 20120124100355.0 |
| 008 - FIXED-LENGTH DATA ELEMENTS--GENERAL INFORMATION | |
| fixed length control field | 830826s1964 ne 000 0 ger |
| 010 ## - LIBRARY OF CONGRESS CONTROL NUMBER | |
| LC control number | unk83035843 |
| 040 ## - CATALOGING SOURCE | |
| Original cataloging agency | DLC |
| Transcribing agency | CarP |
| Modifying agency | DLC |
| 050 00 - LIBRARY OF CONGRESS CALL NUMBER | |
| Classification number | BS410 |
| Item number | .V458 vol. 11 |
| 100 1# - MAIN ENTRY--PERSONAL NAME | |
| Personal name | Donner, Herbert. [from old catalog] |
| 9 (RLIN) | 11161 |
| 245 00 - TITLE STATEMENT | |
| Title | Israel unter den Völkern; |
| Remainder of title | die Stellung der klassischen Propheten des 8. Jahrhunderts v. Chr. zur Aussenpolitik der Könige von Israel und Juda. |
| 260 ## - PUBLICATION, DISTRIBUTION, ETC. (IMPRINT) | |
| Place of publication, distribution, etc | Leiden, |
| Name of publisher, distributor, etc | E. J. Brill, |
| Date of publication, distribution, etc | 1964. |
| 300 ## - PHYSICAL DESCRIPTION | |
| Extent | 193 p. |
| Dimensions | 25 cm. |
| 906 ## - LOCAL DATA ELEMENT F, LDF (RLIN) | |
| a | 0 |
| b | cbc |
| c | premunv |
| d | u |
| e | ncip |
| f | 19 |
| g | y-gencatlg |
| 942 ## - ADDED ENTRY ELEMENTS (KOHA) | |
| Source of classification or shelving scheme | Library of Congress Classification |
| Koha item type | Books |
| Withdrawn status | Lost status | Source of classification or shelving scheme | Damaged status | Not for loan | Collection code | Home library | Current library | Shelving location | Date acquired | Cost, normal purchase price | Total Checkouts | Full call number | Barcode | Date last seen | Copy number | Price effective from | Koha item type |
|---|---|---|---|---|---|---|---|---|---|---|---|---|---|---|---|---|---|
| Library of Congress Classification | General Circulation | AIU/NEGST - Tony Wilmot Memorial Library | AIU/NEGST - Tony Wilmot Memorial Library | General Stacks | 01/24/2012 | 30.00 | BS410 .V458 vol. 11 | R43177J3232 | 09/26/2019 | 1 | 01/24/2012 | Books |
